Building information modelling (BIM) task group (Record no. 113657)

MARC details
000 -LEADER
fixed length control field 01464cai a22002175a 4500
001 - CONTROL NUMBER
control field L155553
008 - FIXED-LENGTH DATA ELEMENTS--GENERAL INFORMATION
fixed length control field 120329s2013 xxk f 000 0 eng d
035 ## - SYSTEM CONTROL NUMBER
System control number (Sirsi) u155553
041 0# - LANGUAGE CODE
Language code of text/sound track or separate title eng
110 2# - MAIN ENTRY--CORPORATE NAME
Corporate name or jurisdiction name as entry element United Kingdom
Subordinate unit Department for Business, Innovation and Skills
9 (RLIN) 5760
245 00 - TITLE STATEMENT
Title Building information modelling (BIM) task group
Medium [electronic resource]
260 ## - PUBLICATION, DISTRIBUTION, ETC.
Place of publication, distribution, etc. [S.l.]
Name of publisher, distributor, etc. BIS
Date of publication, distribution, etc. 2013
520 ## - SUMMARY, ETC.
Summary, etc. The Building Information Modelling (BIM) Task Group are supporting and helping deliver the objectives of the Government Construction Strategy and the requirement to strengthen the public sector's capability in BIM implementation with the aim that all central government departments will be adopting, as a minimum, collaborative Level 2 BIM by 2012. This web-site will keep you up to date with the latest news on the programme, linkage to key resources, lessons learned from the exemplar BIM projects and provide a means of contacting the team. Search the website for COBie Data Drop downloads. The BIM Task Group brings together expertise from industry, government, public sector, institutes and academia. The website will continue to grow as the departmental exemplar projects come on stream.
590 ## - LOCAL NOTE (RLIN)
Local note KA NTK
650 24 - SUBJECT ADDED ENTRY--TOPICAL TERM
Topical term or geographic name entry element BUILDING INFORMATION MODELLING
650 24 - SUBJECT ADDED ENTRY--TOPICAL TERM
Topical term or geographic name entry element BIM
9 (RLIN) 6219
651 #4 - SUBJECT ADDED ENTRY--GEOGRAPHIC NAME
Geographic name United Kingdom
Chronological subdivision
690 ## - LOCAL SUBJECT ADDED ENTRY--TOPICAL TERM (OCLC, RLIN)
Topical term or geographic name as entry element BIM
9 (RLIN) 6219
856 40 - ELECTRONIC LOCATION AND ACCESS
Uniform Resource Identifier <a href="https://www.bimtaskgroup.org">https://www.bimtaskgroup.org</a>
Public note View the online portal at www.bimtaskgroup.org
942 ## - ADDED ENTRY ELEMENTS (KOHA)
Suppress in OPAC 0
Holdings
Withdrawn status Lost status Source of classification or shelving scheme Damaged status Not for loan Home library Current library Shelving location Date acquired Total Checkouts Full call number Barcode Date last seen Copy number Price effective from Koha item type
    Dewey Decimal Classification     Virtual Virtual Online 29/03/2012   WEB-SITE 155553-2001 06/08/2019 1 06/08/2019 Online material